Normal view MARC view
  • Painters

Entry Topical Term

Number of records used in: 1

001 - CONTROL NUMBER

  • control field: 121496

003 - CONTROL NUMBER IDENTIFIER

  • control field: NUST

005 - DATE AND TIME OF LATEST TRANSACTION

  • control field: 20240227131226.0

008 - FIXED-LENGTH DATA ELEMENTS

  • fixed length control field: 240227|| aca||aabn | a|a d

040 ## - CATALOGING SOURCE

  • Original cataloging agency: NUST
  • Transcribing agency: NUST

150 ## - HEADING--TOPICAL TERM

  • Topical term or geographic name entry element: Painters
  • Form subdivision: Biography

670 ## - SOURCE DATA FOUND

  • Source citation: Work cat.: (NUST): Marlow, Tim. 121495, Great artists :, 2001.
© 2023 Central Library, National University of Sciences and Technology. All Rights Reserved.